000 00647cam a22002411 4500
001 sa 66003918
003 DLC
005 20260227112239.0
008 760120s1965 ii 000 0deng
010 _asa 66003918
035 _a(OCoLC)1935705
040 _aDLC
_cGU
_dDLC
050 0 0 _aBF175.F77
_bS3
100 1 _aSavur, Manorama.
245 1 0 _aFreud on man and society.
250 _a[1st ed.]
260 _aBombay,
_bPopular Prakashan
_c[1965]
300 _aviii, 270, 11 p.
_c23cm.
504 _aBibliography : p. 1-4 (at end)
600 1 0 _aFreud, Sigmund,
_d1856-1939.
650 0 _aPsychoanalysis.
650 0 _aSocial psychology.
999 _c69171
_d69171